Click quiz: Big cities you may not know - Statistics

General Stats
  • This quiz has been taken 129 times
  • The average score is 8 of 15
Answer Stats
Hint Answer % Correct
Izhevsk Russia
93%
João Pessoa Brazil
89%
Kitakyushu Japan
85%
Visakhapatnam India
76%
Saltillo Mexico
50%
Kananga D.R. Congo
45%
Djelfa Algeria
44%
Aba Nigeria
44%
Piura Peru
43%
Khamis Mushait Saudi Arabia
43%
Mymensingh Bangladesh
36%
Bahawalpur Pakistan
35%
Karaj Iran
34%
Mataram Indonesia
32%
Kahama Tanzania
27%
No matching quizzes found
Score Distribution
Percent of People with Each Score
Percentile by Number Answered
Your Score History
You have not taken this quiz